Eurovision 2011 Results with New Voting System - Statistics

General Stats
  • This quiz has been taken 16 times
  • The average score is 27 of 43
Answer Stats
Position Points Total Jury Points Televoting Points Country % Correct
#1 405 (Final) 182 223 Azerbaijan
89%
#2 350 (Final) 251 99 Italy
89%
#3 327 (Final) 106 221 Sweden
89%
#5 260 (Final) 84 176 Greece
78%
#4 285 (Final) 117 168 Ukraine
78%
#15 170 (Final) 145 25 Austria
67%
#26 (#11 in Semi-Final 2) 121 (Semi-Final 2) 71 50 Belgium
67%
#6 241 (Final) 90 151 Bosnia and Herzegovina
67%
#37 (#16 in Semi-Final 1) 81 (Semi-Final 1) 49 32 Croatia
67%
#7 229 (Final) 168 61 Denmark
67%
#21 122 (Final) 75 47 Finland
67%
#16 166 (Final) 90 76 France
67%
#11 217 (Final) 104 113 Germany
67%
#9 220 (Final) 119 101 Ireland
67%
#34 (#15 in Semi-Final 2) 87 (Semi-Final 2) 36 51 Israel
67%
#38 (#16 in Semi-Final 2) 80 (Semi-Final 2) 47 33 Macedonia
67%
#18 163 (Final) 25 138 Russia
67%
#12 200 (Final) 111 89 Serbia
67%
#23 111 (Final) 38 73 Spain
67%
#25 55 (Final) 53 2 Switzerland
67%
#8 223 (Final) 57 166 United Kingdom
67%
#31 (#13 in Semi-Final 1) 103 (Semi-Final 1) 61 42 Albania
56%
#29 (#12 in Semi-Final 1) 108 (Semi-Final 1) 33 75 Armenia
56%
#32 (#13 in Semi-Final 2) 102 (Semi-Final 2) 59 43 Bulgaria
56%
#40 (#18 in Semi-Final 2) 47 (Semi-Final 2) 24 23 Cyprus
56%
#24 106 (Final) 74 32 Estonia
56%
#10 217 (Final) 79 138 Georgia
56%
#20 124 (Final) 60 64 Hungary
56%
#19 132 (Final) 72 60 Iceland
56%
#39 (#17 in Semi-Final 2) 54 (Semi-Final 2) 11 43 Latvia
56%
#22 121 (Final) 66 55 Lithuania
56%
#30 (#13 in Semi-Final 1) 108 (Semi-Final 1) 84 24 Malta
56%
#35 (#14 in Semi-Final 1) 85 (Semi-Final 1) 29 56 Norway
56%
#43 (#18 in Semi-Final 1) 38 (Semi-Final 1) 13 25 Poland
56%
#41 (#17 in Semi-Final 1) 45 (Semi-Final 1) 6 39 Portugal
56%
#17 165 (Final) 86 79 Romania
56%
#28 (#12 in Semi-Final 2) 111 (Semi-Final 2) 71 40 Slovakia
56%
#13 199 (Final) 160 39 Slovenia
56%
#42 (#19 in Semi-Final 2) 39 (Semi-Final 2) 22 17 The Netherlands
56%
#27 (#11 in Semi-Final 1) 112 (Semi-Final 1) 58 54 Turkey
56%
#33 (#14 in Semi-Final 2) 92 (Semi-Final 2) 38 54 Belarus
44%
#14 180 (Final) 82 98 Moldova
44%
#36 (#15 in Semi-Final 1) 82 (Semi-Final 1) 74 8 San Marino
44%
No matching quizzes found
Score Distribution
Percent of People with Each Score
Percentile by Number Answered
Your Score History
You have not taken this quiz